| 000 | 01132nam a22002057a 4500 | ||
|---|---|---|---|
| 008 | 240408s2024 xxk|||||o|||| 00| 0 eng d | ||
| 041 | _aeng | ||
| 110 | _aRoyal Institution of Chartered Surveyors | ||
| 245 |
_aEconomy and Property Market Update February 2024 _h[Electronic resource] |
||
| 260 |
_aLondon, _bRoyal Institution of Chartered Surveyors, _cFebruary 2024 |
||
| 520 | _aThe Economy and Property Market Update is a new quarterly assessment of key macro, real estate and construction trends. It is designed to provide a concise summary of both recent market newsflow and expectations. In this report easing inflation and subdued macro environment points to lower base rates as the year wears on | ||
| 650 | _aECONOMICS | ||
| 650 | _aSTATISTICS | ||
| 651 | _aUnited Kingdom | ||
| 700 | _aParsons, Tarrant | ||
| 700 | _aRubinsohn, Simon | ||
| 710 | _aRoyal Institution of Chartered Surveyors | ||
| 856 |
_uhttps://www.rics.org/content/dam/ricsglobal/documents/market-surveys/uk-economy-and-property-market-update/RICS-Economy-and-Property-Market-Update-February-2024.pdf _zAvailable free on RICS.org |
||
| 942 | _n0 | ||
| 999 |
_c121896 _d121896 |
||